| 000 | 00528nam a2200157 i 4500 | ||
|---|---|---|---|
| 001 | 90686 | ||
| 003 | ES-MaACL | ||
| 007 | t| | ||
| 008 | 050124s1929 sp ||||1| spa d | ||
| 100 | 1 |
_aLeclerc, Margarita. _971088 |
|
| 245 | 1 | 0 |
_aFiguras de la revolución francesa _b: jornadas de amor / _cMargarita Leclerc. |
| 260 |
_aPalma de Mallorca : _b[s.n., _c1929] ( _fTip. Mahonesa) |
||
| 300 |
_a3 v. ; _c19 cm. |
||
| 505 | 8 | _aContiene: I: Belsunce. -- II: Franquelin el enamorado. -- III: Adan Luse | |
| 852 |
_aES-MaACL _jB-6282-84 |
||
| 999 |
_c90686 _d90686 |
||